00800 2200301 4500001002100000005001500021007000300036008004100039020002200080035002000102040001700122041000800139082000800147084001400155090002000169245006200189250001200251264004500263300002000308336002100328337003000349338002300379650001600402700003200418850001000450990001900460990001900479INLIS00000000000765620260601091735ta260601 0  a978-602-95716-0-8 a0010-0922000145 aSBPUPADbInd07aInd a630 a630 TIM d a630 TIM d L18-6 aDesa Pelopor Budidaya Rumput Laut /cEditor, Rissa Yanuar a.-cet.2 a.--Bandung :bSarana Ilmu Pustaka,c2010 billus, ;c25 cm 2rdacontentateks 2rdamediaatanpa perantara 2rdacarrieravolume 4aRumput Laut0 aTim Selasar IlmuePengarang aPUPAD a601/S/KAPD.PDG a602/S/KAPD.PDG